Statistiques concernant Géographie suisse par la lettre F

Cliquez ici pour prendre le quiz!

Statistiques générales

  • Ce quiz a été pris 86 fois
  • Le résultat moyen est 10 sur 20

Statistiques - réponses

HintRéponse% Correct
Tennisman légendaire Roger_______Federer
99%
Monnaie utilisée en Suisse et au LiechtensteinFranc
99%
Langue parlé par 1/3 de population du paysFrançais
94%
Pays voisin de la SuisseFrance
84%
Produit d'exportation suisse, tel que le Gruyère et l'EmmentalFromage
82%
Plat traditionnel au fromage originaire de cantonFondue
81%
Canton et ville suisse billingueFribourg
79%
Ils dirigent la Suisse, les conseillers______Fédéraux
68%
Meilleur buteur de l'histoire du foot Suisse Alexander___Frei
57%
Vent suisse chaud soufflant depuis les montagnesFoehn
48%
Chef-lieu du canton de Thurgovie connu pour son festivalFrauenfeld
48%
Quartier de Lausanne où on fait la fêteFlon
47%
Col Suisse entre Andermatt et le ValaisFurka
27%
Bière suisse (petit châteaux des champs)Feldschlösschen
25%
Saint et hermite suisse Saint Nicolas de ____Flüe
25%
Station multisport à coté du glacier d'Aletsch (VS) ____eralpFiesch
17%
Personnage de fiction créé à Genève en 1818Frankenstein
17%
Ecrivain du XX connu pour Homo Faber par exemple, Max____Frisch
12%
Point culminant des alpes bernoises ____horn (4287)Finsteraar
6%
Ingénieur genevois constructeur du tunnel du Gothard Louis____Favre
4%

Distribution des résultats

Percentile par nombre de réponses

% des personnes avec chaque résultat

Votre développement - résultats

Vous n’avez pas pris ce quiz